Eurovision Song Contest 2025 Competing Countries - Statistics

General Stats
  • This quiz has been taken 278 times
  • The average score is 26 of 38
Answers on the Grid
Answers color-coded by a green-red scale on the quiz's grid according to % correct below.
Abkhazia
Albania
Andorra
Armenia
Australia
Austria
Azerbaijan
Belarus
Belgium
Bosnia and Herzegovina
Bulgaria
Canada
Croatia
Cyprus
Czech Republic
Denmark
Estonia
Faroe Islands
Finland
France
Georgia
Germany
Gibraltar
Greece
Greenland
Hungary
Iceland
Ireland
Israel
Italy
Kazakhstan
Kosovo
Latvia
Lebanon
Liechtenstein
Lithuania
Luxembourg
Malta
Mexico
Moldova
Monaco
Montenegro
Morocco
Nagorno-Karabakh
New Zealand
North Macedonia
Northern Cyprus
Norway
Palestine
Poland
Portugal
Romania
Russia
San Marino
Scotland
Serbia
Slovakia
Slovenia
South Ossetia
Spain
Sweden
Switzerland
The Netherlands
Transnistria
Turkey
Ukraine
United Kingdom
United States
Uzbekistan
Vatican City
 
Answer Stats
Answer % Correct
Albania
93%
Austria
88%
Australia
87%
Belgium
86%
Azerbaijan
84%
Armenia
83%
Croatia
79%
Estonia
79%
Cyprus
76%
Finland
76%
France
76%
Germany
76%
Czech Republic
75%
Denmark
75%
Georgia
75%
Greece
74%
Latvia
73%
Italy
72%
Luxembourg
72%
Ireland
71%
Israel
71%
Iceland
69%
Malta
68%
Lithuania
67%
Montenegro
64%
Norway
62%
Poland
60%
Portugal
56%
San Marino
56%
Serbia
52%
Sweden
52%
Spain
50%
Switzerland
50%
Ukraine
50%
Slovenia
49%
The Netherlands
49%
United Kingdom
49%
Moldova
37%
No matching quizzes found
Score Distribution
Percent of People with Each Score
Percentile by Number Answered
Your Score History
You have not taken this quiz